| 000 | 01043nam a22002897a 4500 | ||
|---|---|---|---|
| 001 | BR8700699 | ||
| 003 | BR-BrBNA | ||
| 005 | 20230928092344.0 | ||
| 007 | ta | ||
| 008 | 230509b bl.||||| |||| 00| 0 por d | ||
| 040 |
_aBR-BrBNA _bpor _cBiblioteca Nacional de Agricultura |
||
| 041 | _a(Por) | ||
| 072 |
_aC20; E50 _b/G514 |
||
| 090 | _ C20 BR8700699 | ||
| 110 | 1 | _aAssociacao de Credito e Assistencia Rural de Santa Catarina, Florianopolis (Brasil) | |
| 111 | 1 |
_a2. Seminario Regional de Lideres 4-S _cTurvo, SC (Brazil) _d13-14 Sep 1984 |
|
| 245 | 1 | _a2. Seminario Regional de Lideres 4-S [extensao rural, sociologia rural, Santa Catarina, Brasil] | |
| 260 | 3 |
_aFlorianopolis, SC (Brasil): _c1984. |
|
| 300 | _avp. | ||
| 500 | _a[ca. 25]p. (*) Documento disponível na(o) Associacao de Credito e Assistencia Rural de Santa Catarina, Florianopolis (Brazil) | ||
| 650 | _aEXTENSAO RURAL | ||
| 650 | _aSOCIOLOGIA RURAL | ||
| 650 | _aLIDERANCA | ||
| 650 | _aSANTA CATARINA | ||
| 909 |
_a202309 _bLucia _c55 _dLucia Elande |
||
| 942 | _cBK | ||
| 999 |
_c38540 _d38540 |
||